Представление документа в формате RUSMARC

Поле Инд. ПП Название Значение
Тип записи a
Библиографический уровень m
001 Контрольный номер 523e5bde34e44c8a90507f60b417fbb7
005 Дата корректировки 20260331172315.5
010 a ISBN 978-5-00209-191-1
101 0_ a Язык текста rus
102 a Страна публикации RU
200 1_ a Заглавие Актуальные проблемы внесудебного и судебного административного процесса, посвященной памяти Надежды Георгиевны Салищевой (к 100‐летию со дня рождения)
b Общее обозначение материала Электронный ресурс
e Сведения, относящиеся к заглавию материалы Всероссийской научно-практической конференции «Актуальные проблемы внесудебного и судебного административного процесса»: сборник научных статей
210 1_ a Место издания Москва
c Издательство РГУП им. В.М. Лебедева
d Дата издания 2025
215 a Объем 186 с.
801 _0 a Страна RU
b Организация РГУП
c Дата составления 20260331
g Правила каталогизации PSBO
801 _1 a Страна RU
b Организация РГУП
c Дата составления 20260331
g Правила каталогизации PSBO
856 4_ u URL https://znanium.ru/catalog/document?id=470829
a Внешний URL ресурс ЭБС Znanium.com. Доступ по логину и паролю
u URL https://op.raj.ru/serijnye-izdaniya/117-sborniki-nauchnykh-statej/1310-akt-pr-vnes-sud-adm
900 a Макрообъекты Стахов к 100 летию Салищевой (6)
901 t Тип документа m
905 a Дата ввода 20260331
952 c Вид литературы издания РГУП